000 00601nam a2200217Ia 4500
003 GCL
008 140319s9999 xx 000 0 eng d
020 _a977424321X
040 _aGCL /
_cGCL
082 0 4 _aCC
_b962.11
_bH A
100 1 _aHAAG, MICHAEL
245 1 0 _aALEXANDRIA /
_cHAAG, MICHAEL
260 _aالقاهرة :
_bTHE AMERICAN UNIVERSITY IN CAIRO PRESS ،
_c1993
300 _a64 P
_bILL. ؛
_c24 cm.
490 _aNONE
_v0
650 0 4 _aHISTORY
650 0 4 _aALEXANDRIA
650 0 4 _aALEXANDRIA (EGYPT) - HISTORY
650 0 4 _aEGYPT - DESCRIPTION AND TRAVEL
942 _2ddc
_cBK
999 _c13312
_d13312